|
|
|
|
| LEADER |
00899pam a22003138a 4500 |
| 001 |
00035718 |
| 005 |
20171026081025.0 |
| 008 |
161227s2015 ||||||Viesd |
| 020 |
# |
# |
|c 450000
|a 978 604 86 5821 2
|
| 041 |
0 |
# |
|a Vie
|
| 082 |
1 |
4 |
|a 895.922 09
|b C101T
|
| 100 |
1 |
# |
|a Trần, Mạnh Thường
|e Biên soạn
|
| 245 |
1 |
0 |
|a Các tác giả văn chương Việt Nam
|c Trần Mạnh Thường
|n Tập 1
|
| 260 |
# |
# |
|a Hà Nội
|b Hồng Đức
|c 2015
|
| 300 |
# |
# |
|a 1559 tr.
|c 24 cm.
|
| 653 |
# |
# |
|a Sự nghiệp
|
| 653 |
# |
# |
|a Tác giả
|
| 653 |
# |
# |
|a Tác phẩm
|
| 653 |
# |
# |
|a Văn học Việt Nam
|
| 852 |
# |
# |
|b Kho đọc
|j KD.0019264
|
| 852 |
# |
# |
|j KD.0019264
|
| 910 |
0 |
# |
|d 27/12/2016
|
| 980 |
# |
# |
|a Trung tâm Học liệu Lê Vũ Hùng, Trường Đại học Đồng Tháp
|